| 000 | 00796nas a2200253 4500 | ||
|---|---|---|---|
| 001 | BR8404555 | ||
| 003 | BR-BrBNA | ||
| 005 | 20231205085959.0 | ||
| 007 | ta | ||
| 008 | 230509b bl.|||p| |||| 00| 00por d | ||
| 040 |
_aBR-BrBNA _bpor _cBiblioteca Nacional de Agricultura |
||
| 041 | _a(En) | ||
| 072 | _aP34 | ||
| 100 | 1 | _aSiqueira, J.O. | |
| 100 | 1 | _aHubbell, D.H. | |
| 100 | 1 | _aValle, R.R. | |
| 245 | 1 | _aEffects of phosphorus on formation of the vesicular - arbuscular mycorrhizal symbiosis [fosforo, simbiose, micorriza] | |
| 650 | _aFOSFORO | ||
| 650 | _aSIMBIOSE | ||
| 650 | _aMICORRIZA | ||
| 773 | 0 |
_tPesquisa Agropecuaria Brasileira (Brazil) _xISSN 0100-204x _g(Dec 1984), v. 19(12) p. 1465-1474 _wBR8404555 |
|
| 909 |
_a202311 _bLúcia _c55 _dLúcia Elande |
||
| 942 |
_2AGRIS _n0 _cANA |
||
| 999 |
_c115271 _d115271 |
||